[Event "chess.com SpeedChess Q2Sw"]
[Site "chess.com INT"]
[Date "2022.11.12"]
[Round "7"]
[White "Sairam, Pranav"]
[Black "Balaji, Aaravamudhan"]
[Result "0-1"]
[BlackTitle "CM"]
[WhiteElo "2018"]
[BlackElo "2353"]
[WhiteFideId "30951330"]
[BlackFideId "436224"]
[EventDate "2022.11.12"]

1. e4 e6 2. Qe2 d5 3. exd5 Qxd5 4. Nc3 Qa5 5. g3 Nc6 6. Nf3 Bd7 7. Bg2 O-O-O 8.
d4 f6 9. Bd2 Qf5 10. O-O-O Nb4 11. Be3 Bc6 12. Nh4 Qa5 13. Bxc6 Nxc6 14. Qc4 Re8
15. d5 Qb4 16. Qf1 exd5 17. Qh3+ Kb8 18. Nxd5 Qa5 19. Bf4 Ne5 20. Bxe5 fxe5 21.
Qd7 Rc8 22. Kb1 Nf6 23. Nxf6 gxf6 24. Nf5 Bc5 25. Rhf1 Qb6 26. Rd2 a6 27. Qf7
Rcd8 28. Rxd8+ Rxd8 29. f4 Ba3 30. b3 Qf2 0-1

[Event "chess.com SpeedChess Q2Sw"]
[Site "chess.com INT"]
[Date "2022.11.12"]
[Round "7"]
[White "Kamsky, Gata"]
[Black "Fridman, Daniel"]
[Result "1/2-1/2"]
[WhiteTitle "GM"]
[BlackTitle "GM"]
[WhiteElo "2666"]
[BlackElo "2602"]
[WhiteFideId "2000024"]
[BlackFideId "11600454"]
[EventDate "2022.11.12"]

1. e4 e6 2. d4 d5 3. exd5 exd5 4. Nf3 Nf6 5. Bf4 Bd6 6. Bxd6 Qxd6 7. c3 O-O 8.
Be2 Qb6 9. Qb3 Re8 10. Qxb6 axb6 11. Ne5 Bf5 12. Nd2 Nfd7 13. Nxd7 Nxd7 14. Nf1
Bd3 15. Ne3 Bxe2 16. Kxe2 c6 17. Kd3 b5 18. Rhe1 g6 19. a3 Nb6 20. b3 Kg7 21.
Nc2 Rxe1 22. Rxe1 Kf6 23. Re2 h5 24. h4 Nc8 25. Re8 Nb6 26. Rxa8 Nxa8 27. Nb4
Kf5 28. Ke3 Kg4 29. Nd3 Kxh4 30. Ne5 Nc7 31. Nxf7 Ne6 32. Ne5 g5 33. Kf3 g4+ 34.
Ke3 Kg5 35. g3 h4 36. gxh4+ Kxh4 37. a4 bxa4 38. bxa4 Kg5 39. c4 Ng7 40. cxd5
cxd5 41. Nf7+ Kf6 42. Nd8 b6 43. Kf4 Nf5 44. Nc6 Nh6 45. Ne5 Ke6 46. Nxg4 Nf5
47. Ne5 Nxd4 48. Nd3 Ne2+ 49. Ke3 Nc3 50. Kd4 Ne2+ 51. Ke3 Nc3 52. Kd4 Ne2+ 53.
Ke3 1/2-1/2

[Event "chess.com SpeedChess Q2Sw"]
[Site "chess.com INT"]
[Date "2022.11.12"]
[Round "7"]
[White "Demidov, Mikhail"]
[Black "Nenezic, Marko"]
[Result "1-0"]
[WhiteTitle "GM"]
[BlackTitle "IM"]
[WhiteElo "2568"]
[BlackElo "2510"]
[WhiteFideId "4197143"]
[BlackFideId "912123"]
[EventDate "2022.11.12"]

1. Nf3 Nf6 2. g3 g6 3. b3 Bg7 4. Bb2 O-O 5. Bg2 d5 6. c4 c6 7. O-O a5 8. Nc3 Re8
9. Rc1 d4 10. Na4 e5 11. e3 Bg4 12. h3 Bxf3 13. Qxf3 Na6 14. exd4 exd4 15. Rfe1
Nd7 16. Ba3 Bf8 17. Bxf8 Kxf8 18. Qf4 Qf6 19. Nb6 Nac5 20. Nxa8 Rxa8 21. Qxf6
Nxf6 22. Bf1 Nfd7 23. Rb1 Ra6 24. a3 a4 25. b4 Nb3 26. c5 Ra8 27. Red1 b6 28.
cxb6 Nxb6 29. Bd3 Re8 30. Bc2 Nc4 31. Bxb3 axb3 32. Rxb3 Re2 33. a4 1-0

[Event "chess.com SpeedChess Q2Sw"]
[Site "chess.com INT"]
[Date "2022.11.12"]
[Round "7"]
[White "Sattarov, Bobir"]
[Black "Barria Zuniga, Daniel"]
[Result "0-1"]
[BlackTitle "IM"]
[WhiteElo "2433"]
[BlackElo "2341"]
[WhiteFideId "14203081"]
[BlackFideId "3400816"]
[EventDate "2022.11.12"]

1. e4 c5 2. Nc3 Nc6 3. Nge2 e6 4. g3 a6 5. Bg2 b5 6. d4 cxd4 7. Nxd4 Bb7 8. O-O
Nxd4 9. Qxd4 Ne7 10. Be3 Nc6 11. Qd2 Rc8 12. a4 b4 13. Ne2 Be7 14. f4 O-O 15.
Rfd1 d6 16. Qe1 Qc7 17. Rd2 a5 18. Qf2 Ba6 19. Nd4 Nxd4 20. Bxd4 Rb8 21. c3 Rfc8
22. cxb4 axb4 23. h3 e5 24. Be3 f6 25. a5 Bc4 26. Bb6 Qb7 27. Kh2 b3 28. Qe3 Be6
29. Qd3 Rc6 30. Ra3 Rbc8 31. Rxb3 Bxb3 32. Qxb3+ Kf8 33. Qe6 Rc2 34. Rd5 Rxb2
35. Rxd6 Rcc2 36. Rd7 Rxg2+ 37. Kh1 Rh2+ 38. Kg1 Rbg2+ 39. Kf1 Qa6+ 40. Ke1 Qe2# 0-1

[Event "chess.com SpeedChess Q2Sw"]
[Site "chess.com INT"]
[Date "2022.11.12"]
[Round "7"]
[White "Ter-Sahakyan, Samvel"]
[Black "Matinian, Nikita"]
[Result "0-1"]
[WhiteTitle "GM"]
[BlackTitle "GM"]
[WhiteElo "2605"]
[BlackElo "2425"]
[WhiteFideId "13302531"]
[BlackFideId "24129100"]
[EventDate "2022.11.12"]

1. d4 Nf6 2. c4 g6 3. Nc3 Bg7 4. e4 d6 5. Be2 O-O 6. Be3 e5 7. d5 Na6 8. h4 Nc5
9. Qc2 h5 10. f3 c6 11. Nh3 cxd5 12. cxd5 Bd7 13. Nf2 Rc8 14. Qd2 a6 15. g4 b5
16. b4 Nb7 17. a4 Qc7 18. Ra3 hxg4 19. fxg4 bxa4 20. g5 Nh5 21. Bxa6 f5 22. gxf6
Rxf6 23. Rg1 Ra8 24. Be2 Nf4 25. Bg4 Nd8 26. Bxd7 Qxd7 27. b5 Nb7 28. Qb2 Nc5
29. Bxc5 dxc5 30. Rxa4 Raf8 31. Qa2 Nh3 32. Ng4 Nxg1 33. Nxf6+ Rxf6 34. d6+ Kh7
35. Nd5 Rf7 36. Qg2 Nf3+ 37. Kd1 Qxb5 0-1

[Event "chess.com SpeedChess Q2Sw"]
[Site "chess.com INT"]
[Date "2022.11.12"]
[Round "7"]
[White "Kovalev, Vladislav"]
[Black "Srihari, L R"]
[Result "1-0"]
[WhiteTitle "GM"]
[BlackTitle "IM"]
[WhiteElo "2623"]
[BlackElo "2436"]
[WhiteFideId "13504398"]
[BlackFideId "46617116"]
[EventDate "2022.11.12"]

1. e4 c5 2. Ne2 e6 3. Nbc3 a6 4. d4 cxd4 5. Nxd4 Qc7 6. g3 Nc6 7. Bg2 Nf6 8. O-O
Nxd4 9. Qxd4 Bc5 10. Bf4 d6 11. Qd3 h6 12. Na4 e5 13. Nxc5 dxc5 14. Be3 O-O 15.
Rfd1 Be6 16. Qd6 Rac8 17. f3 Rfe8 18. Qxc7 Rxc7 19. a4 a5 20. Bf1 b6 21. Rd6 Rb8
22. Bb5 Kf8 23. Rad1 Ke7 24. Kf2 Bd7 25. c4 Bxb5 26. axb5 Rd7 27. Rxd7+ Nxd7 28.
Rd5 f6 29. f4 Ra8 30. f5 a4 31. Rd3 Kd8 32. Kf3 Kc7 33. Kg4 Nf8 34. Kh5 Rd8 35.
Rxd8 Kxd8 36. Bxh6 gxh6 37. Kxh6 Ke7 38. Kg7 Ne6+ 39. fxe6 f5 40. exf5 e4 41.
f6+ Kxe6 42. f7 e3 43. f8=Q e2 44. Qe8+ 1-0

[Event "chess.com SpeedChess Q2Sw"]
[Site "chess.com INT"]
[Date "2022.11.12"]
[Round "7"]
[White "Mouhamad, Joachim"]
[Black "Podobnik, Marijan"]
[Result "1-0"]
[WhiteTitle "FM"]
[BlackTitle "FM"]
[WhiteElo "2266"]
[BlackElo "2118"]
[WhiteFideId "656410"]
[BlackFideId "14502151"]
[EventDate "2022.11.12"]

1. e4 Nf6 2. e5 Nd5 3. d4 d6 4. c4 Nb6 5. exd6 cxd6 6. Nc3 g6 7. Be3 Bg7 8. Rc1
O-O 9. b3 d5 10. c5 e5 11. cxb6 Nc6 12. Nf3 Bg4 13. Nb5 Bxf3 14. gxf3 axb6 15.
a4 Re8 16. Be2 Qe7 17. dxe5 d4 18. Nxd4 Qb4+ 19. Kf1 Rad8 20. Rc4 Qe7 21. f4 f6
22. Qc2 fxe5 23. Nxc6 bxc6 24. Re4 Qf6 25. fxe5 Rxe5 26. Rxe5 Qxe5 27. Kg2 Rf8
28. Qc4+ Kh8 29. Rd1 c5 30. Qd5 Qe7 31. Bf3 Qf7 32. Qxf7 Rxf7 33. Rd8+ Bf8 34.
Bd5 Rf5 35. Bh6 Rxd5 36. Rxf8# 1-0

[Event "chess.com SpeedChess Q2Sw"]
[Site "chess.com INT"]
[Date "2022.11.12"]
[Round "7"]
[White "Walentukiewicz, Michal"]
[Black "Crevatin, Leo"]
[Result "0-1"]
[WhiteTitle "CM"]
[BlackTitle "FM"]
[WhiteElo "2088"]
[BlackElo "2301"]
[WhiteFideId "1126903"]
[BlackFideId "1726307"]
[EventDate "2022.11.12"]

1. g3 d5 2. Bg2 Nf6 3. c4 e6 4. cxd5 exd5 5. Nf3 Bd6 6. O-O O-O 7. d3 c6 8. Nc3
Re8 9. e4 dxe4 10. dxe4 Bb4 11. e5 Qxd1 12. Rxd1 Bxc3 13. bxc3 Nd5 14. c4 Nb6
15. Bf1 Bg4 16. Kg2 N8d7 17. Rb1 Nxe5 18. Be2 Nexc4 19. Bxc4 Nxc4 20. Rd4 Bxf3+
21. Kxf3 b5 22. a4 a6 23. Bf4 Rad8 24. Rbd1 Rxd4 25. Rxd4 h6 26. h4 h5 27. Rd7
Nb6 28. Ra7 Nxa4 29. Rxa6 Re6 30. Ra8+ Kh7 31. Ra7 Kg6 32. g4 hxg4+ 33. Kxg4 f5+
34. Kg3 Nc5 35. h5+ Kh7 36. h6 Rg6+ 37. Kh4 Ne6 38. Bc1 f4 39. hxg7 Rxg7 40. Ra6
Rc7 41. Kg4 Kg6 42. Bb2 Nc5 43. Ra8 Kf7 44. Be5 Rd7 45. Bxf4 Nd3 46. Be3 b4 47.
Rb8 Rd5 48. Kf3 c5 49. Ke4 Rd7 50. Kf5 c4 51. Rh8 Rd5+ 52. Ke4 Rb5 53. Rh7+ Ke6
54. Rh6+ Kd7 55. Rh7+ Ke6 56. Kd4 b3 57. Kxc4 b2 58. Kxb5 b1=Q+ 59. Kc6 Ne5+ 0-1

[Event "chess.com SpeedChess Q2Sw"]
[Site "chess.com INT"]
[Date "2022.11.12"]
[Round "7"]
[White "Ezat, Mohamed"]
[Black "Djordjevic, Vuk"]
[Result "0-1"]
[WhiteTitle "IM"]
[BlackTitle "IM"]
[WhiteElo "2404"]
[BlackElo "2394"]
[WhiteFideId "10600906"]
[BlackFideId "902098"]
[EventDate "2022.11.12"]

1. d4 b5 2. e4 g6 3. Bxb5 Bg7 4. Nf3 c5 5. O-O cxd4 6. c3 dxc3 7. Nxc3 Ba6 8. e5
Bxb5 9. Nxb5 Nc6 10. Bf4 Rb8 11. Nbd4 Nxd4 12. Nxd4 Rxb2 13. Qa4 Nh6 14. e6 O-O
15. exd7 Rb7 16. Rad1 Qxd7 17. Nc6 Qg4 18. h3 Qh4 19. Rfe1 g5 20. Qa6 Rb2 21.
Nxe7+ Kh8 22. Bg3 Qb4 23. Nd5 Qb7 24. Qd6 Nf5 25. Qc5 Nxg3 26. fxg3 Rxa2 27. Kh1
Qb2 28. Ne3 Re8 29. Qxg5 h6 30. Qf5 Kg8 0-1

[Event "chess.com SpeedChess Q2Sw"]
[Site "chess.com INT"]
[Date "2022.11.12"]
[Round "7"]
[White "Matamoros Franco, Carlos S."]
[Black "Fernandez Siles, Luis"]
[Result "1-0"]
[WhiteTitle "GM"]
[BlackTitle "FM"]
[WhiteElo "2451"]
[BlackElo "2220"]
[WhiteFideId "3600017"]
[BlackFideId "2209420"]
[EventDate "2022.11.12"]

1. c4 Nf6 2. g3 g6 3. Bg2 Bg7 4. Nc3 O-O 5. d4 d6 6. Nf3 Nc6 7. O-O Bf5 8. d5
Na5 9. Nd2 c5 10. e4 Bg4 11. Qc2 a6 12. b3 Rb8 13. Bb2 b5 14. Rab1 Qd7 15. Nd1
Bh3 16. Ne3 Bxg2 17. Kxg2 Nb7 18. e5 Ng4 19. Nxg4 Qxg4 20. Rbe1 Rfe8 21. exd6
exd6 22. Bxg7 Kxg7 23. Ne4 f6 24. Re3 Re5 25. f4 Re7 26. Rfe1 Qf5 27. Qc3 Rbe8
28. Nxd6 Rxe3 29. Nxf5+ gxf5 30. Rxe3 b4 31. Qe1 Re4 32. Rxe4 fxe4 33. Qxe4 1-0

[Event "chess.com SpeedChess Q2Sw"]
[Site "chess.com INT"]
[Date "2022.11.12"]
[Round "7"]
[White "Alahakoon, Isuru"]
[Black "Janaszak, Dawid"]
[Result "1-0"]
[WhiteTitle "FM"]
[BlackTitle "FM"]
[WhiteElo "1984"]
[BlackElo "2322"]
[WhiteFideId "9900993"]
[BlackFideId "1119206"]
[EventDate "2022.11.12"]

1. Nf3 g6 2. d4 Bg7 3. e4 d6 4. Nc3 Nf6 5. Bf4 O-O 6. Qd2 c6 7. O-O-O b5 8. Bd3
Nbd7 9. h4 h5 10. Kb1 b4 11. Ne2 c5 12. e5 Ng4 13. e6 fxe6 14. Ng5 Ndf6 15. Bxg6
Nxf2 16. dxc5 Nxh1 17. Rxh1 dxc5 18. Qe1 Qd5 19. Ng3 Ng4 20. Nxh5 Rxf4 21. Nxf4
Qd4 22. Nd3 c4 23. Nxe6 Bxe6 24. Qxe6+ Kh8 25. Qe4 Rb8 26. Qxd4 Bxd4 27. Nf4 e5
28. Ne2 Be3 29. Rf1 Kg7 30. Bf5 Nf2 31. c3 a5 32. Kc2 Rd8 33. Ng3 Rd2+ 34. Kb1
Nd1 35. Bc2 Nf2 36. Nf5+ Kh8 37. Nxe3 bxc3 38. bxc3 e4 39. Nxc4 Rd8 40. Rxf2
Rb8+ 41. Kc1 Rc8 42. Ne3 Rxc3 43. Re2 Ra3 44. Kb2 1-0

[Event "chess.com SpeedChess Q2Sw"]
[Site "chess.com INT"]
[Date "2022.11.12"]
[Round "7"]
[White "Tokhirjonova, Gulrukhbegim"]
[Black "Ljukin, Sergei"]
[Result "0-1"]
[WhiteTitle "WGM"]
[BlackTitle "FM"]
[WhiteElo "2328"]
[BlackElo "2362"]
[WhiteFideId "14203626"]
[BlackFideId "14102200"]
[EventDate "2022.11.12"]

1. e4 e6 2. d4 d5 3. Nd2 Nf6 4. e5 Nfd7 5. f4 c5 6. c3 Nc6 7. Ngf3 cxd4 8. cxd4
Qb6 9. Nb3 a5 10. Be3 a4 11. Nbd2 Qxb2 12. Rb1 Qxa2 13. Bb5 Qa3 14. O-O Qxe3+
15. Kh1 a3 16. f5 Be7 17. fxe6 fxe6 18. Rb3 Qh6 19. Qc2 O-O 20. Bxc6 bxc6 21.
Qxc6 Ra7 22. h3 Ba6 23. Ra1 Be2 24. Kg1 Bxf3 25. Nxf3 a2 26. Qc2 Rfa8 27. Kf2
Nf8 28. Rb2 Bh4+ 29. Kg1 Qe3+ 30. Kh2 Qf4+ 31. Kg1 Bg3 32. Kf1 Qe3 33. h4 h6 34.
h5 Kh8 35. Rb3 Qf4 36. Ke2 Nd7 37. Rb2 Ra3 38. Rbxa2 Qe3+ 39. Kd1 Rxa2 40. Rxa2
Rxa2 41. Qxa2 Qd3+ 42. Kc1 Bf4+ 43. Kb2 Qe2+ 44. Kb3 Qxa2+ 45. Kxa2 Nb6 46. Kb3
Nc4 47. Kb4 Ne3 48. g4 Nxg4 49. Kc5 Kg8 50. Kd6 Kf7 51. Nh4 Be3 52. Ng6 Bxd4 53.
Nh8+ Kg8 54. Ng6 Bxe5+ 55. Nxe5 Nxe5 56. Kxe5 Kf7 57. Kf4 g6 58. Ke5 gxh5 59.
Kf4 h4 60. Kg4 d4 61. Kxh4 e5 62. Kg4 Ke6 63. Kf3 Kd5 64. Ke2 e4 65. Kd2 d3 66.
Ke3 Ke5 67. Kd2 Kd4 0-1

[Event "chess.com SpeedChess Q2Sw"]
[Site "chess.com INT"]
[Date "2022.11.12"]
[Round "7"]
[White "Brodowski, Piotr"]
[Black "Kopylov, Alexander A."]
[Result "1-0"]
[WhiteTitle "IM"]
[BlackTitle "IM"]
[WhiteElo "2455"]
[BlackElo "2397"]
[WhiteFideId "1124480"]
[BlackFideId "4164857"]
[EventDate "2022.11.12"]

1. d4 Nf6 2. c4 e6 3. Nf3 d5 4. Nc3 Bb4 5. Qa4+ Nc6 6. e3 O-O 7. Bd2 a6 8. a3
Be7 9. Qc2 dxc4 10. Bxc4 b5 11. Bd3 Bb7 12. Ne4 Nd7 13. h4 f5 14. Neg5 Bxg5 15.
Nxg5 Qf6 16. O-O-O Rac8 17. Bc3 Ne7 18. d5 e5 19. e4 c6 20. d6 Ng6 21. exf5 Nf4
22. Be4 h6 23. g3 hxg5 24. hxg5 Qxg5 25. gxf4 Qxf4+ 26. Bd2 Qxf2 27. Rdg1 Rf7
28. Rg2 Qc5 29. Bc3 Qxd6 30. Rgh2 Kf8 31. Bb4 c5 32. Bxb7 Rc7 33. Rd2 Qb6 34.
Rh8+ Ke7 35. Qb3 cxb4+ 36. Kb1 Rxb7 37. Qxb4+ Nc5 38. Rd5 Rc7 39. Rxe5+ Kf6 40.
Qd4 Nb3 41. Re6+ Kg5 42. Qh4+ Kxf5 43. Qe4+ Kg5 44. Qg6+ Kf4 45. Re4+ Kf3 46.
Qg4+ Kf2 47. Re2+ Kf1 48. Qg2# 1-0

[Event "chess.com SpeedChess Q2Sw"]
[Site "chess.com INT"]
[Date "2022.11.12"]
[Round "7"]
[White "Nyzhnyk, Illya"]
[Black "Svane, Frederik"]
[Result "0-1"]
[WhiteTitle "GM"]
[BlackTitle "GM"]
[WhiteElo "2687"]
[BlackElo "2568"]
[WhiteFideId "14118084"]
[BlackFideId "12923044"]
[EventDate "2022.11.12"]

1. Nf3 d5 2. g3 Nd7 3. Bg2 e5 4. d3 Ngf6 5. O-O c6 6. e4 dxe4 7. dxe4 Be7 8. Qe2
O-O 9. a4 a5 10. Rd1 Qc7 11. Nbd2 Nc5 12. b3 b6 13. Bb2 Ba6 14. Qe1 Nfd7 15. Nf1
Rfd8 16. Ne3 Bf8 17. Nd2 Ne6 18. Ndc4 Bb4 19. Qe2 Bc5 20. Qg4 Bd4 21. c3 Bxe3
22. Nxe3 Ndc5 23. b4 Nd3 24. Ba3 g6 25. b5 cxb5 26. Nd5 Qc4 27. Nxb6 Qxc3 28.
axb5 Bxb5 29. Nxa8 Rxa8 30. Be7 Nd4 31. Bf6 Ra6 32. Bxe5 Nxe5 33. Qh3 Ne2+ 34.
Kh1 Nd3 35. Rf1 Nxf2+ 36. Rxf2 Qxa1+ 37. Bf1 Rf6 38. Qc8+ Kg7 39. Kg2 Rxf2+ 40.
Kxf2 Qd4+ 41. Kg2 Qxe4+ 42. Kf2 Qd4+ 43. Kg2 Qb2 0-1

[Event "chess.com SpeedChess Q2Sw"]
[Site "chess.com INT"]
[Date "2022.11.12"]
[Round "7"]
[White "Czerw, Dawid"]
[Black "Aarav, Dengla"]
[Result "1-0"]
[WhiteTitle "FM"]
[BlackTitle "FM"]
[WhiteElo "2373"]
[BlackElo "2357"]
[WhiteFideId "1145746"]
[BlackFideId "45059756"]
[EventDate "2022.11.12"]

1. d4 d5 2. c4 c6 3. Nf3 Nf6 4. Nc3 e6 5. cxd5 exd5 6. Bg5 Be7 7. e3 Bf5 8. Bd3
Bg6 9. O-O Nbd7 10. h3 O-O 11. Rb1 a5 12. a3 Bxd3 13. Qxd3 Ne4 14. Bxe7 Qxe7 15.
Rfc1 Nxc3 16. Rxc3 Ra6 17. b4 axb4 18. axb4 Rb6 19. b5 Qe4 20. Qxe4 dxe4 21. Nd2
f5 22. Rcb3 Rc8 23. bxc6 Rxb3 24. Rxb3 bxc6 25. Rb7 Nf6 26. Nb3 Rf8 27. g3 Rf7
28. Rb6 Rc7 29. Nc5 Kf7 30. Ra6 Nd5 31. g4 g6 32. Ra8 Re7 33. Rc8 Nb4 34. Kg2
Kf6 35. Kg3 h6 36. gxf5 gxf5 37. Rf8+ Kg6 38. Rd8 Kh5 39. Rd6 Rg7+ 40. Kh2 Rg2+
41. Kxg2 1-0

[Event "chess.com SpeedChess Q2Sw"]
[Site "chess.com INT"]
[Date "2022.11.12"]
[Round "7"]
[White "Shipov, Sergei"]
[Black "Al-Tarboush, Ward"]
[Result "1-0"]
[WhiteTitle "GM"]
[BlackTitle "FM"]
[WhiteElo "2541"]
[BlackElo "2238"]
[WhiteFideId "4113624"]
[BlackFideId "7601450"]
[EventDate "2022.11.12"]

1. d4 Nf6 2. c4 g6 3. Nc3 d5 4. Nf3 Bg7 5. cxd5 Nxd5 6. Na4 O-O 7. e4 Nb6 8. Be2
Nc6 9. Be3 Bg4 10. d5 Nxa4 11. Qxa4 Bxb2 12. Rb1 Bc3+ 13. Nd2 Ne5 14. f3 Bd7 15.
Qa3 Bxd2+ 16. Bxd2 b5 17. O-O a6 18. Qc3 f6 19. Bf4 Nc4 20. Bxc4 bxc4 21. Rb7 e5
22. Bh6 Re8 23. Rfb1 Bb5 24. a4 Qc8 25. R7xb5 axb5 26. axb5 Ra4 27. h4 Qb7 28.
Kh2 Qb6 29. Be3 Qa5 30. Qc2 Rb8 31. d6 cxd6 32. b6 Rb7 33. Rd1 Qb4 34. h5 Qb3
35. Qd2 Qb4 36. Qd5+ Kf8 37. Qxb7 1-0

[Event "chess.com SpeedChess Q2Sw"]
[Site "chess.com INT"]
[Date "2022.11.12"]
[Round "7"]
[White "Koc, Przemyslaw"]
[Black "Yeletsky, Ivan"]
[Result "0-1"]
[BlackTitle "FM"]
[WhiteElo "2346"]
[BlackElo "2491"]
[WhiteFideId "1109081"]
[BlackFideId "24180327"]
[EventDate "2022.11.12"]

1. d4 Nf6 2. Nf3 e6 3. Bg5 h6 4. Bh4 d6 5. Nbd2 g5 6. Bg3 Nh5 7. e4 Nd7 8. Bd3
Bg7 9. Qe2 a6 10. c3 Qe7 11. O-O-O b5 12. e5 d5 13. Nb3 c5 14. Nxc5 Nxc5 15.
dxc5 Qxc5 16. Kb1 Bd7 17. Nd4 Nf4 18. Bxf4 gxf4 19. g3 b4 20. Nb3 Qb6 21. gxf4
bxc3 22. Rhg1 Bf8 23. f5 a5 24. fxe6 Bxe6 25. Bb5+ Kd8 26. Nd4 cxb2 27. Rg3 Bc5
28. Nxe6+ fxe6 29. Rg7 Ra7 30. Rxa7 Qxa7 31. Qg4 Qh7+ 32. Bd3 Qf7 33. Rg1 Rf8
34. Qa4 Qxf2 35. Qxa5+ Bb6 36. Qa8+ Kc7 37. Rg7+ Rf7 38. Qg8 Qe1+ 39. Kxb2 Bd4+
40. Ka3 Bc5+ 41. Kb2 Qd2+ 42. Bc2 Bd4+ 43. Ka3 Qa5+ 44. Ba4 Qc3+ 45. Bb3 Bc5+
46. Ka4 Qb4# 0-1

[Event "chess.com SpeedChess Q2Sw"]
[Site "chess.com INT"]
[Date "2022.11.12"]
[Round "7"]
[White "Matveeva, Olga"]
[Black "Gheorghiu, Calin"]
[Result "1-0"]
[WhiteTitle "WIM"]
[BlackTitle "FM"]
[WhiteElo "2111"]
[BlackElo "2300"]
[WhiteFideId "24107018"]
[BlackFideId "1200305"]
[EventDate "2022.11.12"]

1. d4 Nf6 2. c4 e6 3. g3 c5 4. d5 exd5 5. cxd5 d6 6. Nc3 g6 7. Nf3 Bg7 8. Bg2
O-O 9. O-O Re8 10. Nd2 b6 11. a4 Ba6 12. Nb5 Bxb5 13. axb5 a6 14. e4 Nbd7 15.
bxa6 b5 16. Qb3 Qb6 17. a7 Ne5 18. h3 Rec8 19. Kh2 c4 20. Qa3 Nd3 21. Qa6 Qc5
22. Ra5 Nb4 23. Qxb5 Qxb5 24. Rxb5 Nd3 25. Rb7 Nc5 26. Rb6 Rxa7 27. Rxd6 Nd3 28.
f4 Ra1 29. e5 Ne8 30. Rb6 Rxc1 31. Rxc1 Nxc1 32. d6 Rd8 33. Nxc4 Nd3 34. Rb7 Nc5
35. Ra7 f6 36. Bd5+ Kh8 37. e6 Rb8 38. e7 f5 39. d7 Nxd7 40. Rxd7 1-0

[Event "chess.com SpeedChess Q2Sw"]
[Site "chess.com INT"]
[Date "2022.11.12"]
[Round "7"]
[White "Fernandez Guillen, Ernesto J."]
[Black "Lewtak, Damian"]
[Result "0-1"]
[WhiteTitle "IM"]
[BlackTitle "IM"]
[WhiteElo "2462"]
[BlackElo "2385"]
[WhiteFideId "3512428"]
[BlackFideId "1141724"]
[EventDate "2022.11.12"]

1. e4 c5 2. Nf3 Nf6 3. Nc3 d5 4. e5 Ne4 5. d3 Nxc3 6. bxc3 Bg4 7. h3 Bxf3 8.
Qxf3 e6 9. Qg3 Nc6 10. Be2 g6 11. O-O Bg7 12. Bg5 Qc7 13. Bf6 Bxf6 14. exf6 Qxg3
15. fxg3 Kd7 16. Rab1 b6 17. Rbe1 Kd6 18. g4 e5 19. g5 h6 20. h4 hxg5 21. hxg5
Rh4 22. Kf2 Rah8 23. Kg3 Ra4 24. Rh1 Rxh1 25. Rxh1 Rxa2 26. Rh8 Rxc2 27. Bg4
Rxc3 28. Rf8 Rxd3+ 29. Kh4 e4 30. Rxf7 Ne5 31. Rxa7 Rd2 32. Ra6 Kc6 33. Bh3 e3
34. Ra1 Rf2 35. Kg3 d4 36. Ra8 d3 37. Rc8+ Kb7 38. Re8 d2 39. Rd8 c4 40. Rd5 c3
41. Rxe5 d1=Q 42. Rxe3 Rf1 43. Bg4 Qd6+ 44. Kh4 Rh1+ 45. Bh3 Qf4+ 46. g4 Qxe3
47. f7 Qxh3# 0-1

[Event "chess.com SpeedChess Q2Sw"]
[Site "chess.com INT"]
[Date "2022.11.12"]
[Round "7"]
[White "Deev, Andrei"]
[Black "Krishnakumar, Sriram"]
[Result "0-1"]
[WhiteTitle "IM"]
[BlackTitle "FM"]
[WhiteElo "2390"]
[BlackElo "2248"]
[WhiteFideId "4102690"]
[BlackFideId "30915856"]
[EventDate "2022.11.12"]

1. e4 e5 2. Nf3 Nc6 3. Bc4 Bc5 4. d3 Nf6 5. Nc3 d6 6. h3 h6 7. Be3 Bb6 8. O-O
O-O 9. Bxb6 axb6 10. d4 exd4 11. Nxd4 Nxd4 12. Qxd4 Be6 13. Bxe6 fxe6 14. e5
dxe5 15. Qxe5 Qd6 16. Rfe1 Rae8 17. Rad1 Qxe5 18. Rxe5 Rf7 19. g3 Nd7 20. Re3
Nc5 21. f4 Nd7 22. Ne4 e5 23. Nc3 Rfe7 24. Nd5 Rf7 25. Nxc7 Rc8 26. fxe5 Nxe5
27. Rxe5 Rfxc7 28. c3 Ra8 29. a3 Ra5 30. Rde1 Rd7 31. Rxa5 bxa5 32. Re2 Kf7 33.
Kf2 Rd5 34. Ke3 b5 35. Ke4 Ke6 36. Rc2 Re5+ 37. Kd3 Rd5+ 38. Ke3 Re5+ 39. Kf3
Rf5+ 40. Kg4 Rg5+ 41. Kh4 Kd5 42. b3 Ke4 43. c4 g6 44. g4 Kd3 45. Rc1 bxc4 46.
Rxc4 Rb5 47. a4 Rxb3 48. Rc5 h5 49. gxh5 gxh5 50. Rxa5 Ke4 51. Rxh5 Ra3 52. Ra5
Kf4 53. Ra8 Rb3 54. a5 Rb5 55. a6 Rb6 56. Kh5 Rb5+ 57. Kg6 Kg3 0-1

[Event "chess.com SpeedChess Q2Sw"]
[Site "chess.com INT"]
[Date "2022.11.12"]
[Round "7"]
[White "Odegov, Artem"]
[Black "Kazakov, Mikhail"]
[Result "1-0"]
[WhiteTitle "FM"]
[BlackTitle "GM"]
[WhiteElo "2286"]
[BlackElo "2513"]
[WhiteFideId "34183644"]
[BlackFideId "14102749"]
[EventDate "2022.11.12"]

1. d4 d5 2. c4 dxc4 3. Nf3 Nf6 4. e3 g6 5. Bxc4 Bg7 6. Nc3 O-O 7. e4 Nfd7 8. Be3
Nb6 9. Be2 Bg4 10. O-O Bxf3 11. Bxf3 Nc4 12. Qb3 Nxe3 13. fxe3 Nd7 14. Rac1 Rb8
15. Rfd1 c6 16. e5 Qb6 17. Na4 Qxb3 18. axb3 e6 19. b4 Rfd8 20. Nc5 Nb6 21. b5
Nd5 22. Bxd5 cxd5 23. Ra1 b6 24. Nd3 Rb7 25. Rdc1 f6 26. exf6 Bxf6 27. Nb4 Rdd7
28. Nc6 Rf7 29. Ra3 Bg5 30. Rf1 Rfd7 31. g3 Rbc7 32. Kg2 Be7 33. b4 Bd6 34. Rfa1
Kg7 35. Kf3 h5 36. Ke2 Kh6 37. Kd3 Kg5 38. Rf1 Be7 39. Rf7 Kh6 40. Ra1 Bd6 41.
Rxd7 Rxd7 42. Rxa7 Rxa7 43. Nxa7 Bxb4 44. Nc6 Bd6 45. Nd8 e5 46. Nf7+ 1-0

[Event "chess.com SpeedChess Q2Sw"]
[Site "chess.com INT"]
[Date "2022.11.12"]
[Round "7"]
[White "Kleiman, Jake"]
[Black "Kosakowski, Jakub"]
[Result "0-1"]
[WhiteTitle "IM"]
[BlackTitle "IM"]
[WhiteElo "2399"]
[BlackElo "2475"]
[WhiteFideId "2020041"]
[BlackFideId "1185080"]
[EventDate "2022.11.12"]

1. e4 c6 2. Nc3 d5 3. Nf3 dxe4 4. Nxe4 Nf6 5. Qe2 Nxe4 6. Qxe4 Nd7 7. Bc4 Nf6 8.
Ne5 e6 9. Qe2 b5 10. Bb3 Bd6 11. d4 Qc7 12. O-O O-O 13. a4 bxa4 14. Rxa4 c5 15.
Bf4 Bb7 16. Rd1 Rad8 17. Rxa7 cxd4 18. Rxd4 Qb6 19. Raa4 Bc5 20. Rxd8 Rxd8 21.
Nd3 Qc6 22. Qf1 Ng4 23. Rc4 Rxd3 24. cxd3 Qb6 25. Bg3 h5 26. h3 Nh6 27. Bc2 Nf5
28. Be5 Bd5 29. Ra4 h4 30. d4 Bxd4 31. Bxf5 Bxe5 32. Bd3 Qxb2 33. Ra8+ Bxa8 34.
Qe1 Qd4 35. Bf1 Bd6 36. Qa5 Qd5 37. Qd8+ Bf8 38. Qxh4 g6 39. Qg3 Bd6 40. Qh4 Kg7
41. Qd8 Qe5 42. g3 Qd5 43. f3 Bc5+ 0-1